000 06307 a2200553 4500
008 090226t xxu||||| |||| 00| 0 eng d
010 _aENG-89646 B-340485-508
020 _c895.00
_a8187471409
035 _aEN-72179
035 _aB-340485-508
037 _bDBAD / PUB
037 _bStandard Publishers
040 _adpl
_bEnglish
082 _a181.432
100 _aKamakhya Kumar
245 _aSuper science of yoga/
_cby Kamakhya Kumar; foreworded by Ishwar V. Basavaraddi
260 _aNew Delhi
_bStandard Publishers (India)
_c2008
270 _a225, Gupta Place, A-2/42 Rajouri Garden, Main Road, (Near Metro Station),
_bNew Delhi
_e110 027
_cDelhi
_k25415043, 25435043
_l25374397
_msrallbooks3@bol.net.in
300 _axix, 327p.
_c23cm. (Hb)
500 _aIncludes index.
700 _aBasavaraddi, Ishwar V.
942 _adpl
_cEN
_2ddc
_h181.432
_mKAM
999 _c11098
_d11098